000 00312nam a22001337a 4500
082 _a894.812.3
_bPER/M
100 _aPERAMBRA, ABDULLA
245 _aMADHURIKUNNA KATHAKAL
250 _a1
260 _aTHIRURANGADI
_bTHIRURANGADI PRINTERS
300 _a64
650 _aMALAYALAM SHORT STORY
_zKERALA
942 _cBK
999 _c1350
_d1350